00857nabaa22001937a 4500999001500000003000400015005001700019008004100036040000700077100002800084245007400112300001300186505017100199505009000370650003200460650003700492773012100529942001300650 c6102d6102OSt20260122081919.0190701b xxu||||| |||| 00| 0 spa d cPJ 96870aLacava, Federico 10aBurocracia defensiva y responsabilidad del Estado /cFederico Lacava. ap. 10-27 aSumario: I. Introducción.— II. La burocracia defensiva.— III. Responsabilidad por la administración defensiva.— IV. Opiniones conclusivasa modo de cierre.  t¿Te interesa el texto completo? Comunicate al correo: koha@justierradelfuego.gov.ar  09211aDERECHO ADMINISTRATIVO 091215aRESPONSABILIDAD DEL ESTADO0 0284293251dBuenos Aires : AbeledoPerrot, 2012-oDA121tDerecho administrativo. Nº 145 enero/febrero 2023z18510590 2udccANA